000 00302nam a22001337a 4500
008 181217b xxu||||| |||| 00| 0 eng d
020 _a9780134685052
041 _aeng
080 _22nd
_a720
100 _a41
101 _aARK
245 _aInternetworking with TCP/IP
_cComer,D.E
942 _2udc
_cBK
999 _c53152
_d53152